Things Transuranic elements are named after - Statistics

General Stats
  • This quiz has been taken 304 times
  • The average score is 15 of 26
Answer Stats
Hint Answer Element % Correct
95 Am America Americium
89%
99 Es Einstein Einsteinium
87%
94 Pu Pluto Plutonium
87%
93 Np Neptune Neptunium
86%
104 Rf Rutherford Rutherfordium
85%
98 Cf California Californium
83%
102 No Nobel Nobelium
73%
96 Cm Curie Curium
71%
101 Md Mendeleev Mendelevium
68%
103 Lr Lawrence Lawrencium
67%
100 Fm Fermi Fermium
66%
97 Bk Berkeley Berkelium
65%
117 Ts Tennessee Tennessine
62%
107 Bh Bohr Bohrium
61%
106 Sg Seaborg Seaborgium
59%
113 Nh Japan Nihonium
54%
116 Lv Livermore Livermorium
54%
111 Rg Rontgen Roentgenium
53%
115 Mc Moscow Moscovium
52%
110 Ds Darmstadt Darmstadtium
46%
112 Cn Copernicus Copernicium
44%
109 Mt Meitner Meitnerium
44%
105 Db Dubna Dubnium
28%
118 Og Oganessian Oganesson
20%
108 Hs Hessen Hassium
13%
114 Fl Flyorov Flerovium
10%
No matching quizzes found
Score Distribution
Percent of People with Each Score
Percentile by Number Answered
Your Score History
You have not taken this quiz